000 00995cam a2200265 i 4500
001 18016668
005 20180209034858.0
008 140123s2014 nyuak b 001 0 eng
010 _a 2014003013
020 _a9781454823810
020 _a145482381X
040 _aDLC
_beng
_cDLC
_erda
041 _aeng
042 _apcc
043 _an-us---
080 _a346.7304
082 0 0 _a346.7304 AND
_223
100 1 _a14
101 _aSHJ
245 1 0 _aProperty law :
_cJerry L. Anderson, Richard M. and Anita Calkins Distinguished Professor of Law, Drake University Law School; Daniel B. Bogart, Donley and Marjorie Bollinger Chair in Real Estate Law, Dale E. Fowler School of Law at Chapman University.
504 _aIncludes bibliographical references and index.
906 _a7
_bcbc
_corignew
_d1
_eecip
_f20
_gy-gencatlg
942 _2ddc
_cBK
999 _c42215
_d42215